000 00665nam a2200241Ia 4500
003 OSt
005 20220925214643.0
006 a|||||r|||| 00| 0
007 ta
008 220923b |||||||| |||| 00| 0 eng d
037 _cGeneral Book
040 _aRTL
_cRTL
_beng
041 _2eng
_aeng
082 _aY:68.3.N7, L7
100 _aRichardson C J
_9133080
245 0 _aContemporary social mobility
260 _aLondon
_bFrances Pinter
_c1977
300 _axi,342p
_ccm.
500 _aAppendix: p 295-340
650 _aSocial Development
_9230960
942 _hY:68.3.N7, L7
_cGB
_2CC
999 _c566130
_d566130